| 000 | 01778cam a22005054i 4500 | ||
|---|---|---|---|
| 003 | PE-LiUPU | ||
| 005 | 20250731173051.0 | ||
| 008 | 180222s2010 txu rb 001 0 spa d | ||
| 020 | _a9781932792911 | ||
| 035 | _a(Sirsi) a241356 | ||
| 040 |
_aPE-LiUPU _bspa _cPE-LiUPU _erda |
||
| 049 | _aPRUA | ||
| 082 | 0 | 4 |
_a222.35066 _bH71 _223 |
| 100 | 1 |
_aHolmstedt, Robert D., _eautor. |
|
| 245 | 1 | 0 |
_aRuth : _ba handbook on the Hebrew text / _cRobert D. Holmstedt. |
| 264 | 1 |
_aWaco, Texas : _bBaylor University Press, _c2010. |
|
| 300 |
_avii, 226 páginas ; _c21 centímetros. |
||
| 336 |
_atext _2rdacontent |
||
| 337 |
_aunmediated _2rdamedia |
||
| 338 |
_avolume _2rdacarrier |
||
| 490 | 0 | _aBaylor handbook on the Hebrew Bible | |
| 504 | _aBibliografía : páginas 215-221. | ||
| 504 | _aÍndice : páginas 225-226. | ||
| 505 | 0 | _aIntroduction -- Linguistic background to the grammatical commentary on Ruth -- The role of linguistic features in dating the book -- The use of languaje to color characters' speech. | |
| 526 | _aSEG42 | ||
| 526 | _aSEG41 | ||
| 526 | _aSEG40 | ||
| 526 | _aSEG39 | ||
| 526 | _aP94 | ||
| 526 | _aP87 | ||
| 526 | _aP86 | ||
| 526 | _aP85 | ||
| 526 | _aP77 | ||
| 526 | _aP76 | ||
| 526 | _aP35 | ||
| 630 |
_aBiblia. _pA.T. _pRuth _xCrítica textual. |
||
| 630 |
_aBiblia. _pA.T. _pRuth _xLenguaje y estilo. |
||
| 650 | 0 | 4 |
_aHebreo _xGramática. _91848 |
| 910 |
_adbm _bncf _cncf _d20180222 |
||
| 942 |
_2ddc _cBOOK |
||
| 994 |
_aC0 _bPEPRU |
||
| 596 | _a1 | ||
| 999 |
_a222.35066 H71 _wDEWEY _c26996 _i78292 _d26996 _f2021-11-9 _g4 _lCCODEBUL1 _mBUL _p20.97 _q1 _r0 _sY _tBOOK _u2018-2-22 _xTEOLOGIA _PP85 _0COMPRA _o.STAFF. Colección Teología |
||
| 980 |
_81 _gALBERTO SANCHEZ Responsable de Automatización |
||